[Event "4NCL/Div2/PPA1 vs. SWD1"]
[Site "Wokefield Park ENG"]
[Date "2008.03.01"]
[Round "7.2"]
[White "Cooper, John G"]
[Black "Posazhennikov, Alex"]
[Result "0-1"]
[WhiteElo "2360"]
[BlackElo "2231"]
[PlyCount "138"]
[EventDate "2008.03.01"]
[EventType "team"]
[EventRounds "11"]
[EventCountry "ENG"]
[SourceDate "2007.09.15"]

1. c4 f5 2. g3 Nf6 3. Bg2 e5 4. d4 exd4 5. Qxd4 Bb4+ 6. Bd2 Qe7 7. Bxb4 Qxb4+
8. Nc3 O-O 9. Nh3 Nc6 10. Qd2 Qe7 11. Nd5 Qd8 12. O-O d6 13. Nhf4 Ne5 14. Rad1
c6 15. Ne3 Ne8 16. h4 Qf6 17. Qc3 Ng6 18. Qxf6 Rxf6 19. Nxg6 hxg6 20. Rd4 a5
21. Rfd1 Kf8 22. Bf3 Ra6 23. Ng2 Rb6 24. R1d2 Be6 25. b3 a4 26. R4d3 Ke7 27.
Nf4 Bf7 28. e3 Rb4 29. Rc3 Nc7 30. Nd3 Rb6 31. b4 d5 32. c5 Ra6 33. Nf4 a3 34.
Be2 Ra4 35. Rd4 Ne6 36. Nxe6 Rxe6 37. Bd1 Ra6 38. Rdd3 Re4 39. Rd4 Kd7 40. Bc2
Re8 41. Kf1 Ke7 42. Ke1 Kf6 43. Kd2 g5 44. Bd3 Ra7 45. Rc2 Rh8 46. hxg5+ Kxg5
47. Rc1 {=} Rh2 48. Rf1 Kf6 49. Kc3 g5 50. b5 Be6 51. Kb4 Ra8 52. Bc2 cxb5 53.
Kxb5 Bd7+ 54. Kb4 Bc6 55. Rd3 Ke5 56. Rxa3 Rxa3 57. Kxa3 Bb5 58. Rb1 Rxf2 59.
Rxb5 Rxc2 60. Kb3 Re2 61. Rxb7 Rxe3+ 62. Kb4 Rxg3 63. c6 Rg2 64. Rb5 Rb2+ 65.
Kc5 Rxa2 66. Kb6 Kd6 67. Rc5 Rb2+ 68. Ka6 Kxc5 69. c7 Rb6+ 0-1

[Event "4NCL/Div2/PPA1 vs. SWD1"]
[Site "Wokefield Park ENG"]
[Date "2008.03.01"]
[Round "7.3"]
[White "Dunn, Andrew"]
[Black "Dineley, Richard D P"]
[Result "0-1"]
[WhiteElo "2210"]
[BlackElo "2258"]
[PlyCount "78"]
[EventDate "2008.03.01"]
[EventType "team"]
[EventRounds "11"]
[EventCountry "ENG"]
[SourceDate "2007.09.15"]

1. d4 Nf6 2. c4 g6 3. Nc3 d5 4. e3 Bg7 5. Qb3 dxc4 6. Bxc4 O-O 7. Nf3 Nc6 8.
Ne5 Nxe5 9. dxe5 Nd7 10. f4 Nb6 11. Be2 Be6 12. Qc2 c6 13. O-O f6 14. Rd1 Qe8
15. exf6 exf6 16. e4 Qe7 17. Be3 Rfd8 18. Rxd8+ Rxd8 19. a4 Qb4 20. a5 Bb3 21.
Qc1 Nc4 22. Bxc4+ Qxc4 23. Bxa7 f5 24. e5 Bf8 25. Qe3 Bb4 26. Rc1 Rd3 27. Qe1
Qxf4 28. e6 Qd6 29. Qh4 Bxe6 30. Re1 Bxa5 31. Qf6 Bf7 32. Qxd6 Rxd6 33. Re7 b5
34. Bc5 Rd2 35. Ra7 Bd8 36. Ra8 Kg7 37. Ne2 Bg5 38. Ng3 Bd5 39. Ra7+ Kg8 {time}
0-1

[Event "4NCL/Div2/PPA1 vs. SWD1"]
[Site "Wokefield Park ENG"]
[Date "2008.03.01"]
[Round "7.4"]
[White "Morris, Charles F"]
[Black "Byway, Paul"]
[Result "1/2-1/2"]
[WhiteElo "2203"]
[BlackElo "2159"]
[Annotator "Robert Parker"]
[PlyCount "235"]
[EventDate "2008.03.01"]
[EventType "team"]
[EventRounds "11"]
[EventCountry "ENG"]
[SourceDate "2007.09.15"]

1. Nf3 Nf6 2. c4 e6 3. Nc3 d5 4. d4 Bb4 5. Bg5 Nbd7 6. e3 O-O 7. Qc2 c5 8. Bd3
h6 9. Bh4 cxd4 10. exd4 dxc4 11. Bxc4 Qc7 12. Bd3 b6 13. a3 Bxc3+ 14. Qxc3
Qxc3+ 15. bxc3 {=} Bb7 16. Rc1 Rac8 17. Bg3 Ne4 18. c4 Nxg3 19. hxg3 Bxf3 20.
gxf3 Rfd8 21. Ke2 e5 22. Bf5 exd4 23. Rh4 Rc5 24. Bxd7 Rxd7 25. Kd3 Rf5 26. f4
Ra5 27. Ra1 b5 28. Rhh1 bxc4+ 29. Kxc4 d3 30. Rhd1 Ra6 31. Rd2 Rc6+ 32. Kb3
Rb7+ 33. Ka2 Rc3 34. Rb1 Rc2+ 35. Rxc2 dxc2 36. Rc1 Rc7 37. Kb2 h5 38. Rxc2
Rxc2+ 39. Kxc2 Kf8 40. Kd3 Ke7 41. Kc4 Ke6 42. Kd4 Kf5 43. Ke3 Kg4 44. Ke4 f6
45. Ke3 f5 46. a4 a5 47. Ke2 h4 48. gxh4 Kxh4 49. Kd3 Kg4 50. Kc4 Kxf4 51. Kb5
Kf3 52. Kxa5 Kxf2 53. Kb4 Kg3 54. a5 f4 55. a6 f3 56. a7 f2 57. a8=Q f1=Q 58.
Qe8 Qf4+ 59. Ka5 g5 60. Qe1+ Kg2 61. Qe2+ Kh3 62. Qd3+ Qg3 63. Qh7+ Kg2 64.
Qc2+ Qf2 65. Qe4+ Qf3 66. Qc2+ Kg3 67. Qc7+ Kf2 68. Qc2+ Kg3 69. Qc7+ Kh3 70.
Qh7+ Kg4 71. Ka6 Qd5 72. Qe7 Kf5 73. Qf8+ Ke5 74. Qg7+ Ke4 75. Qh7+ Kd4 76.
Qg7+ Kc5 77. Qa7+ Kd6 78. Qb8+ Kd7 79. Qa7+ Kc8 80. Qe3 ({Alternative line
given on White's scoresheet [game continuation reported by Black after the
event]....} 80. Qg1 Qc4+ 81. Kb6 g4 82. Qh1 Kd8 83. Qh8+ Kd7 84. Qh7+ Ke6 {
etc. [But here 85. Qg8+ wins!!]}) 80... Kd8 81. Qh3 Qc4+ 82. Kb6 g4 83. Qh8+
Ke7 84. Qh4+ Ke6 85. Qh6+ Kf5 86. Qf8+ Ke4 87. Qe7+ Kd3 88. Qa3+ Qc3 89. Qa6+
Ke3 90. Qf1 g3 91. Qg1+ Kf4 92. Qf1+ Qf3 93. Qc4+ Qe4 94. Qf7+ Ke3 95. Qb3+ Kf2
96. Qb2+ Qe2 97. Qf6+ Kg1 98. Kb7 Qe4+ 99. Kc8 g2 100. Kb8 Kh2 101. Qh8+ Kg3
102. Qg7+ Kf3 103. Qc3+ Ke2 104. Qb2+ Kd1 105. Qa1+ Kd2 106. Qb2+ Qc2 107. Qd4+
Kc1 108. Qg1+ Kb2 109. Qd4+ Ka3 110. Qg1 Kb2 111. Qd4+ Ka3 112. Qg1 Qb2+ 113.
Kc8 Qh8+ 114. Kc7 Qg7+ 115. Kc8 Qf8+ 116. Kc7 Qf1 117. Qe3+ Kb4 118. Qd2+
1/2-1/2

[Event "4NCL/Div2/PPA1 vs. SWD1"]
[Site "Wokefield Park ENG"]
[Date "2008.03.01"]
[Round "7.5"]
[White "Borman, Philip J"]
[Black "Zeidler, Sven P"]
[Result "1/2-1/2"]
[WhiteElo "2214"]
[BlackElo "2223"]
[PlyCount "37"]
[EventDate "2008.03.01"]
[EventType "team"]
[EventRounds "11"]
[EventCountry "ENG"]
[SourceDate "2007.09.15"]

1. d4 f5 2. Bf4 Nf6 3. e3 c6 4. Nf3 Qb6 5. Qc1 d6 6. Nbd2 g6 7. Bc4 Bg7 8. h3
Nbd7 9. c3 Ne4 10. Nxe4 fxe4 11. Nd2 e5 12. Bg3 d5 13. Be2 O-O 14. Qc2 c5 15.
dxc5 Nxc5 16. Nb3 Bf5 17. Nxc5 Qxc5 18. O-O Kh8 19. Qb3 1/2-1/2

[Event "4NCL/Div2/PPA1 vs. SWD1"]
[Site "Wokefield Park ENG"]
[Date "2008.03.01"]
[Round "7.6"]
[White "Spice, Alan"]
[Black "Rosen, Daniel B"]
[Result "0-1"]
[WhiteElo "2144"]
[BlackElo "2124"]
[PlyCount "40"]
[EventDate "2008.03.01"]
[EventType "team"]
[EventRounds "11"]
[EventCountry "ENG"]
[SourceDate "2007.09.15"]

1. Nc3 g6 2. h4 Nf6 3. d4 d5 4. Bg5 Ne4 5. Nxe4 dxe4 6. h5 Bg7 7. hxg6 hxg6 8.
Rxh8+ Bxh8 9. e3 c6 10. Qd2 Qd5 11. Bf4 Bg4 12. c4 Qe6 13. f3 exf3 14. gxf3 Bh5
15. Bxb8 Rxb8 16. Nh3 Rd8 17. Nf4 Qf6 18. Qf2 e5 19. dxe5 Qxe5 20. Nxh5 Qa5+
0-1

[Event "4NCL/Div2/PPA1 vs. SWD1"]
[Site "Wokefield Park ENG"]
[Date "2008.03.01"]
[Round "7.7"]
[White "Goodger, Martyn"]
[Black "Trevelyan, John"]
[Result "1/2-1/2"]
[WhiteElo "2113"]
[BlackElo "2185"]
[PlyCount "103"]
[EventDate "2008.03.01"]
[EventType "team"]
[EventRounds "11"]
[EventCountry "ENG"]
[SourceDate "2007.09.15"]

1. e4 d6 2. d4 e5 3. Nf3 Nc6 4. Bb5 Bd7 5. Nc3 Nf6 6. Bxc6 Bxc6 7. Qd3 exd4 8.
Nxd4 Be7 9. Bg5 O-O 10. O-O-O Bxe4 11. Nxe4 Nxe4 12. Be3 Nc5 13. Qf5 Qd7 14.
Qf3 Bf6 15. Kb1 Rfe8 16. h4 Ne4 17. g4 c5 18. Nb3 Qc6 19. Qe2 b6 20. g5 Be5 21.
Qg4 d5 22. f4 Bc7 23. Rhf1 Nc3+ 24. bxc3 Rxe3 25. Rd3 Rxd3 26. cxd3 Re8 27. f5
Qd7 28. Qf3 a5 29. d4 c4 30. Nd2 b5 31. f6 b4 32. cxb4 axb4 33. fxg7 Bb6 34. h5
Bd8 35. g6 f6 36. gxh7+ Kxg7 37. Rg1+ Kh8 38. h6 Qxh7+ 39. Ka1 Rg8 40. Rxg8+
Qxg8 41. Qe3 Kh7 42. Nf3 Qg2 43. Ne1 Qg5 44. Nc2 Bb6 45. Kb1 Qxe3 46. Nxe3 Bxd4
47. Nxd5 b3 48. axb3 cxb3 49. Ne7 b2 50. Nf5 Be5 51. Kc2 Kg6 52. Kb1 1/2-1/2

[Event "4NCL/Div2/PPA1 vs. SWD1"]
[Site "Wokefield Park ENG"]
[Date "2008.03.01"]
[Round "7.8"]
[White "Wilson, Julie"]
[Black "Mountford, Corinne"]
[Result "1-0"]
[WhiteElo "1935"]
[BlackElo "1615"]
[PlyCount "67"]
[EventDate "2008.03.01"]
[EventType "team"]
[EventRounds "11"]
[EventCountry "ENG"]
[SourceDate "2007.09.15"]

1. d4 g6 2. c4 d6 3. Nc3 Bg7 4. e4 e5 5. d5 Ne7 6. Bd3 O-O 7. Nge2 f5 8. f4
fxe4 9. Bxe4 Bf5 10. O-O Nd7 11. Qc2 Nc5 12. Bxf5 Nxf5 13. b4 Nd7 14. Rb1 Qe7
15. Bd2 Rae8 16. fxe5 Bxe5 17. Qc1 Nd4 18. Nxd4 Bxd4+ 19. Kh1 Rxf1+ 20. Qxf1
Bxc3 21. Bxc3 Ne5 22. Re1 Rf8 23. Qe2 Re8 24. h3 Kf8 25. Qf2+ Kg8 26. Qxa7 b6
27. c5 Qd8 28. cxb6 cxb6 29. Bd4 b5 30. Qb7 Qh4 31. Rd1 Nf7 32. Rf1 Re7 33.
Qc8+ Re8 34. Qxe8# 1-0

[Event "4NCL/Div2/CHEDP vs. HKF2"]
[Site "Wokefield Park ENG"]
[Date "2008.03.01"]
[Round "7.1"]
[White "Bellin, Robert"]
[Black "Tavoularis, Nicholas"]
[Result "1-0"]
[WhiteElo "2385"]
[BlackElo "2242"]
[PlyCount "133"]
[EventDate "2008.03.01"]
[EventType "team"]
[EventRounds "11"]
[EventCountry "ENG"]
[SourceDate "2007.09.15"]

1. Nf3 d6 2. d4 Nf6 3. g3 g6 4. Bg2 Bg7 5. O-O O-O 6. c4 Bf5 7. Nc3 Nc6 8. d5
Na5 9. Nd2 c6 10. e4 Bg4 11. Qa4 a6 12. Nb3 Nxb3 13. Qxb3 Qc7 14. h3 Bd7 15.
Be3 b5 16. dxc6 Bxc6 17. Nd5 Nxd5 18. cxd5 Bd7 19. Bg5 Rfe8 20. Rfc1 Qb7 21.
Rc2 h6 {=} 22. Bd2 Rec8 23. Rac1 Rxc2 24. Rxc2 Rc8 25. Bf1 Rxc2 26. Qxc2 Qc8
27. Qxc8+ Bxc8 28. b3 Bd7 29. Kg2 Kh7 30. Ba5 Kg8 31. f4 Bd4 32. Kf3 h5 33. g4
hxg4+ 34. hxg4 f6 35. Bd2 Kf8 36. Kg3 Bb6 37. Bd3 Kf7 38. Bc2 Bd4 39. Bd3 Bb6
40. Bc2 Bd4 41. Kf3 Bb6 42. Bc3 g5 43. fxg5 fxg5 44. e5 dxe5 45. Bxe5 Bc5 46.
Bf5 e6 47. dxe6+ Bxe6 48. Ke4 Ke7 49. Bc3 Bb6 50. Bd2 Bg8 51. Bxg5+ Kd6 52.
Bf4+ Kc6 53. Be5 a5 54. Bg6 Kd7 55. Kf4 a4 56. Bc2 axb3 57. axb3 Ba5 58. g5
Bd2+ 59. Kf5 Ke7 60. Bf6+ Kf8 61. Bd4 b4 62. Kf6 Bd5 63. g6 Kg8 64. Ke5 Bf3 65.
Bf5 Bd1 66. Be6+ Kf8 67. Kf6 1-0

[Event "4NCL/Div2/CHEDP vs. HKF2"]
[Site "Wokefield Park ENG"]
[Date "2008.03.01"]
[Round "7.2"]
[White "Hagesaether, Arne"]
[Black "Wallace, Paul A"]
[Result "1-0"]
[WhiteElo "2166"]
[BlackElo "2267"]
[PlyCount "111"]
[EventDate "2008.03.01"]
[EventType "team"]
[EventRounds "11"]
[EventCountry "ENG"]
[SourceDate "2007.09.15"]

1. e4 e5 2. Nf3 Nc6 3. Bb5 Bc5 4. O-O Nd4 5. Nxd4 Bxd4 6. Nc3 Nf6 7. Ne2 Bb6 8.
d4 Nxe4 9. dxe5 O-O 10. Qd3 d5 11. Ng3 Nc5 12. Qf3 c6 13. Be2 Nd7 14. Bf4 Bd4
15. Bd3 Re8 16. Bxh7+ Kxh7 17. Qd3+ g6 18. Qxd4 Qb6 19. Qc3 Qc5 20. Qf3 Kg8 21.
Nf5 gxf5 22. Qg3+ Kf8 23. Bh6+ Ke7 24. Qh4+ Ke6 25. Be3 Qf8 26. Rfe1 b6 27. c4
Bb7 28. cxd5+ cxd5 29. Bh6 Qg8 30. Qb4 Nc5 31. Rac1 Qg4 32. Bf4 Rg8 33. g3 Rac8
34. Rc3 Rgd8 35. f3 Qh3 36. Rec1 Ba6 37. Qa3 Nd3 38. Rc6+ Rxc6 39. Rxc6+ Kd7
40. Rh6 Nxf4 41. Rxh3 Nxh3+ 42. Kg2 Bb7 43. Kxh3 d4 44. Kg2 Kc7 45. Qd3 Bc6 46.
Kf2 a6 47. Ke1 Bb5 48. Qxf5 d3 49. Kd2 Bc4 50. b3 Be6 51. Qe4 Bd5 52. Qf4 Kc6
53. Qf6+ Kc7 54. h4 a5 55. h5 a4 56. bxa4 1-0

[Event "4NCL/Div2/CHEDP vs. HKF2"]
[Site "Wokefield Park ENG"]
[Date "2008.03.01"]
[Round "7.3"]
[White "Shaw, Robert"]
[Black "Foord, Dominic"]
[Result "1/2-1/2"]
[WhiteElo "2291"]
[BlackElo "1995"]
[PlyCount "55"]
[EventDate "2008.03.01"]
[EventType "team"]
[EventRounds "11"]
[EventCountry "ENG"]
[SourceDate "2007.09.15"]

1. d4 d5 2. c4 e6 3. Nc3 c6 4. cxd5 exd5 5. Nf3 Nf6 6. Bg5 Be7 7. e3 Ne4 8.
Bxe7 Qxe7 9. Qc2 O-O 10. Bd3 Re8 11. O-O Nd7 12. Rae1 Ndf6 13. Ne5 h6 14. a3
Nxc3 15. Qxc3 c5 16. Bb5 Ne4 17. Qc2 Rd8 18. f3 Nd6 19. Qxc5 b6 20. Nc6 Qc7 21.
Qxd5 Bb7 22. Rc1 Rdc8 23. Qe5 Re8 24. Nxa7 Rxe5 25. Rxc7 Rxe3 26. Nc6 Rb3 27.
a4 Rxb2 28. Rf2 1/2-1/2

[Event "4NCL/Div2/CHEDP vs. HKF2"]
[Site "Wokefield Park ENG"]
[Date "2008.03.01"]
[Round "7.4"]
[White "Hogarth, Mark J"]
[Black "Smith, Alan A"]
[Result "0-1"]
[WhiteElo "1900"]
[BlackElo "2280"]
[PlyCount "72"]
[EventDate "2008.03.01"]
[EventType "team"]
[EventRounds "11"]
[EventCountry "ENG"]
[SourceDate "2007.09.15"]

1. e4 c5 2. Nc3 Nc6 3. f4 g6 4. Nf3 Bg7 5. Bb5 Nd4 6. O-O a6 7. Be2 e6 8. d3
Ne7 9. Nxd4 cxd4 10. Nb1 d5 11. Nd2 O-O 12. g4 dxe4 13. dxe4 f5 14. gxf5 exf5
15. e5 Be6 16. Nf3 Nc6 17. Ng5 Bd5 18. b3 h6 19. Nf3 Qb6 20. Kg2 Kh7 21. h4
Rad8 22. Kg3 Rg8 23. Nd2 Nxe5 24. Rb1 Nd7 25. Bf3 Nf6 26. Bxd5 Rxd5 27. Nf3 Qd6
28. Ng5+ hxg5 29. hxg5 Nh5+ 30. Kg2 Rh8 31. Qf3 Rc5 32. c4 Qc6 33. Qxc6 Rxc6
34. Bb2 Re8 35. Rbd1 Re2+ 36. Rf2 Nxf4+ 0-1

[Event "4NCL/Div2/CHEDP vs. HKF2"]
[Site "Wokefield Park ENG"]
[Date "2008.03.01"]
[Round "7.5"]
[White "McKenna, Jason P"]
[Black "Alcock, Graham P"]
[Result "1-0"]
[WhiteElo "2131"]
[BlackElo "1935"]
[PlyCount "31"]
[EventDate "2008.03.01"]
[EventType "team"]
[EventRounds "11"]
[EventCountry "ENG"]
[SourceDate "2007.09.15"]

1. e4 e5 2. Nf3 Nc6 3. Bb5 Bc5 4. O-O Nd4 5. Bc4 Nxf3+ 6. Qxf3 Qf6 7. Qg3 Ne7
8. Nc3 c6 9. d3 O-O 10. Be3 Bd6 11. Ne2 Qg6 12. Qh4 Kh8 13. f4 f6 14. f5 Qe8
15. Rf3 Bc7 16. Qxh7+ 1-0

[Event "4NCL/Div2/BRI1 vs. BARY"]
[Site "Wokefield Park ENG"]
[Date "2008.03.02"]
[Round "8.1"]
[White "Arkell, Keith"]
[Black "Coleman, David"]
[Result "1-0"]
[WhiteElo "2489"]
[BlackElo "2217"]
[PlyCount "78"]
[EventDate "2008.03.02"]
[EventType "team"]
[EventRounds "11"]
[EventCountry "ENG"]
[SourceDate "2007.09.15"]

1. d4 Nf6 2. Nf3 e6 3. c4 Nc6 4. Nc3 Bb4 5. Bd2 O-O 6. a3 Bxc3 7. Bxc3 Ne4 8.
Qc2 Nxc3 9. Qxc3 d6 10. e3 a5 11. d5 Nb8 12. dxe6 Bxe6 13. b3 Nd7 14. Be2 Bg4
15. h3 Bh5 16. O-O Qe7 17. Rfe1 Nc5 18. Nd4 Bxe2 19. Rxe2 Ne4 20. Qc2 f5 21.
Rd1 Rae8 22. Ree1 Qf7 23. Nb5 Re6 24. b4 axb4 25. axb4 Rh6 26. Qd3 c6 27. Nc3
Ng5 28. Ne2 Qd7 29. Ng3 Rhf6 30. Re2 g6 31. Rc2 Re8 32. Qd4 Rfe6 33. Ra2 Qe7
34. b5 Nf7 35. Ra7 Qd7 36. bxc6 Qxc6 37. Rb1 R6e7 38. Rb6 Qc8 39. Qd5 Kg7 {time
} 1-0

[Event "4NCL/Div2/BRI1 vs. BARY"]
[Site "Wokefield Park ENG"]
[Date "2008.03.02"]
[Round "8.2"]
[White "Kilpatrick, Callum"]
[Black "Walker, Martin"]
[Result "0-1"]
[WhiteElo "2209"]
[BlackElo "2250"]
[PlyCount "56"]
[EventDate "2008.03.02"]
[EventType "team"]
[EventRounds "11"]
[EventCountry "ENG"]
[SourceDate "2007.09.15"]

1. e4 e5 2. Nf3 Nc6 3. Bb5 a6 4. Ba4 Nf6 5. d3 Bc5 6. c3 b5 7. Bb3 O-O 8. O-O
d6 9. Re1 Ne7 10. d4 Bb6 11. Bg5 Ng6 12. dxe5 dxe5 13. Qxd8 Rxd8 14. Nbd2 Bb7
15. Bxf6 gxf6 16. Nf1 Nf4 17. Ng3 Bc8 18. h3 Be6 19. Rad1 Nd3 20. Re2 Bxb3 21.
axb3 Nxf2 22. Rxd8+ Rxd8 23. Rxf2 Rd1+ 24. Nf1 Rb1 25. g3 Rxb2 26. N1d2 f5 27.
exf5 Bxf2+ 28. Kxf2 e4 0-1

[Event "4NCL/Div2/BRI1 vs. BARY"]
[Site "Wokefield Park ENG"]
[Date "2008.03.02"]
[Round "8.4"]
[White "Farrand, Julian T"]
[Black "Buckley, David E"]
[Result "1/2-1/2"]
[WhiteElo "2151"]
[BlackElo "2232"]
[PlyCount "49"]
[EventDate "2008.03.02"]
[EventType "team"]
[EventRounds "11"]
[EventCountry "ENG"]
[SourceDate "2007.09.15"]

1. Nc3 d5 2. e4 Nf6 3. e5 Nfd7 4. d4 c5 5. f4 cxd4 6. Nb5 Nc6 7. Nf3 Qa5+ 8.
Qd2 Qb6 9. Nbxd4 e6 10. c3 Nc5 11. Qc2 Bd7 12. Be3 Rc8 13. Be2 Ne4 14. O-O Bc5
15. Qb3 Qc7 16. Kh1 O-O 17. Bd3 Bb6 18. Nxc6 Bxc6 19. Bxb6 axb6 20. Qc2 Rfd8
21. Nd4 g6 22. Rae1 Nc5 23. Qe2 Nxd3 24. Qxd3 Be8 25. a3 1/2-1/2

[Event "4NCL/Div2/BRI1 vs. BARY"]
[Site "Wokefield Park ENG"]
[Date "2008.03.02"]
[Round "8.5"]
[White "Poobalasingam, Peter"]
[Black "Levermore, Peter A"]
[Result "0-1"]
[WhiteElo "2165"]
[BlackElo "2120"]
[PlyCount "52"]
[EventDate "2008.03.02"]
[EventType "team"]
[EventRounds "11"]
[EventCountry "ENG"]
[SourceDate "2007.09.15"]

1. e4 c6 2. d4 d5 3. f3 dxe4 4. fxe4 e5 5. Nf3 Bg4 6. Bc4 Bh5 7. c3 Nd7 8. O-O
Ngf6 9. Bg5 Qb6 10. Nbd2 Be7 11. Bb3 O-O-O 12. Qc2 Qc7 13. Nc4 exd4 14. Nxd4
Nc5 15. Nf5 Ncxe4 16. Bf4 Qd7 17. Nxg7 Bc5+ 18. Kh1 Bg6 19. Ne5 Qe7 20. Rae1
Bd6 21. Nxf7 Bxf4 22. Nxd8 Rxd8 23. Be6+ Kb8 24. Bf5 Qxg7 25. Rxf4 Bxf5 26.
Rxf5 Rd2 0-1

[Event "4NCL/Div2/BRI1 vs. BARY"]
[Site "Wokefield Park ENG"]
[Date "2008.03.02"]
[Round "8.6"]
[White "Moore, John C"]
[Black "Curtis, John"]
[Result "1/2-1/2"]
[WhiteElo "2057"]
[BlackElo "2127"]
[PlyCount "33"]
[EventDate "2008.03.02"]
[EventType "team"]
[EventRounds "11"]
[EventCountry "ENG"]
[SourceDate "2007.09.15"]

1. e4 d6 2. d4 Nf6 3. Nc3 e5 4. Nf3 Nbd7 5. Bc4 Be7 6. O-O O-O 7. Re1 c6 8. a4
b6 9. d5 cxd5 10. Nxd5 Bb7 11. b3 Rc8 12. Re2 Nxd5 13. Bxd5 Bxd5 14. Qxd5 Nf6
15. Qd1 d5 16. exd5 Qxd5 17. Qxd5 1/2-1/2

[Event "4NCL/Div2/BRI1 vs. BARY"]
[Site "Wokefield Park ENG"]
[Date "2008.03.02"]
[Round "8.7"]
[White "Hunt-Grubbe, Henry"]
[Black "O'Toole, George E"]
[Result "1-0"]
[WhiteElo "1980"]
[BlackElo "1985"]
[PlyCount "115"]
[EventDate "2008.03.02"]
[EventType "team"]
[EventRounds "11"]
[EventCountry "ENG"]
[SourceDate "2007.09.15"]

1. d4 Nf6 2. Nc3 d5 3. Bg5 Nbd7 4. Nf3 h6 5. Bxf6 Nxf6 6. e3 Bg4 7. Bd3 e6 8.
h3 Bf5 9. Bxf5 exf5 10. Qd3 Qc8 11. O-O c6 12. Ne5 Bd6 13. Ne2 O-O 14. f4 Ne4
15. Nc3 Bxe5 16. dxe5 Nxc3 17. Qxc3 f6 18. Rf3 fxe5 19. Qxe5 Re8 20. Qc3 {=}
Re4 21. Rg3 Qd7 22. Rf1 Rae8 23. Rff3 R8e7 24. Qd2 Qc7 25. c3 a5 26. Rf1 Qb6
27. Rff3 Qc5 28. Kh2 b5 29. a3 Qb6 30. Rg6 R7e6 31. Rxe6 Rxe6 32. g4 fxg4 33.
hxg4 b4 34. cxb4 axb4 35. Qxb4 Qxb4 36. axb4 Re4 37. Kg3 Kf7 38. Kg2 Ke6 39.
Kf1 g6 40. Rh3 Kf6 41. Rxh6 Kg7 42. Rh3 Rxb4 {=} 43. Rh2 Re4 44. Ke2 Kf6 45.
Kd3 c5 46. Rh6 c4+ 47. Kd2 Kg7 48. Rh2 Kf6 49. Rf2 Re6 50. f5 Re5 51. fxg6+
Kxg6 52. Rf4 Kg5 53. Ke2 Re4 54. Kf3 Re5 55. Rd4 Kg6 56. Kf4 Kf6 57. e4 dxe4
58. Rd6+ 1-0

[Event "4NCL/Div2/BRI1 vs. BARY"]
[Site "Wokefield Park ENG"]
[Date "2008.03.02"]
[Round "8.8"]
[White "Smith, Lucy"]
[Black "Streeter, Harry"]
[Result "1/2-1/2"]
[WhiteElo "1855"]
[BlackElo "1765"]
[PlyCount "72"]
[EventDate "2008.03.02"]
[EventType "team"]
[EventRounds "11"]
[EventCountry "ENG"]
[SourceDate "2007.09.15"]

1. d4 Nf6 2. c4 g6 3. Nc3 Bg7 4. Nf3 d6 5. h3 O-O 6. e3 Nbd7 7. Be2 Ne8 8. O-O
e5 9. Re1 f5 10. e4 fxe4 11. Nxe4 Nef6 12. Nxf6+ Bxf6 13. dxe5 Nxe5 14. Qd5+
Kh8 15. Be3 Nxf3+ 16. Bxf3 c6 17. Qd1 Be5 18. Bg4 Qf6 19. Bxc8 Raxc8 20. Qc2
Rf7 21. Rad1 Rcf8 22. f3 Qh4 23. Bf2 Qf4 24. Rxe5 dxe5 25. Rd2 Re8 26. Qd3 Qf5
27. Qxf5 gxf5 28. Bxa7 Ree7 29. Bc5 Rd7 30. Re2 Rd1+ 31. Kh2 {=} b5 32. cxb5
Rd5 33. Bb4 Rxb5 34. Bc3 Kg8 35. Bxe5 Re7 36. f4 Kf7 1/2-1/2

[Event "4NCL/Div2/SWD1 vs. WRO"]
[Site "Wokefield Park ENG"]
[Date "2008.03.02"]
[Round "8.1"]
[White "Cobb, James E"]
[Black "Wells, Peter K"]
[Result "1/2-1/2"]
[WhiteElo "2412"]
[BlackElo "2520"]
[PlyCount "167"]
[EventDate "2008.03.02"]
[EventType "team"]
[EventRounds "11"]
[EventCountry "ENG"]
[SourceDate "2007.09.15"]

1. d4 Nf6 2. c4 e6 3. g3 d5 4. Bg2 Be7 5. Nf3 O-O 6. O-O dxc4 7. Qc2 a6 8. a4
Bd7 9. Qxc4 Bc6 10. Bf4 a5 11. Nc3 Na6 12. Ne5 Bxg2 13. Kxg2 Nd5 14. Rfd1 Nab4
15. e4 Nxf4+ 16. gxf4 Bd6 17. Ne2 Ra6 18. Qb3 Qe8 19. Qf3 f5 20. exf5 Nd5 21.
Nc3 c6 22. Nxd5 exd5 23. Kh1 Qc8 24. Rg1 Qxf5 25. Rg4 Bxe5 26. dxe5 Qxe5 27.
Rag1 Qxb2 28. Qe3 Raa8 29. Rxg7+ Qxg7 30. Rxg7+ Kxg7 31. Qe5+ Rf6 32. Qe7+ Rf7
33. Qg5+ Kh8 34. Qe5+ Rg7 35. h4 Rf8 36. h5 h6 37. f5 Kh7 38. Qe6 d4 39. f6
Rgf7 40. Qe4+ Kh8 41. Qxd4 Rxf6 42. Qe5 Kh7 43. Qe4+ Rf5 44. Kg1 Kh8 45. Qd4+
Kh7 46. Qe4 Kg7 47. Qd4+ R8f6 48. Qd7+ Rf7 49. Qd4+ Kg8 50. Qd8+ Kh7 51. Qd3 b5
52. Qd6 Rxh5 53. Qxc6 b4 54. Qe4+ Rhf5 55. Kh1 h5 56. Qd3 Kg7 57. Qg3+ Kh8 58.
Qd6 Kg7 59. Qg3+ Kh7 60. Qd3 h4 61. Qe4 Kh6 62. Qe3+ Kg6 63. Qd3 R7f6 64. Qc2
Kg7 65. Qc7+ Rf7 66. Qb6 Kh7 67. Qd8 Kg6 68. Qd3 Kh6 69. Qe3+ Kh5 70. Qe2+ Rf3
71. Qe5+ R7f5 72. Qh8+ Kg6 73. Qg8+ Kf6 74. Qd8+ Ke6 75. Qb6+ Kf7 76. Qb7+ Kg6
77. Qc6+ Kg5 78. Qc1+ Kh5 79. Qd1 b3 80. Qe2 b2 81. Qxb2 Rxf2 82. Qh8+ Kg4 83.
Qg7+ Kh3 84. Qg2+ 1/2-1/2

[Event "4NCL/Div2/SWD1 vs. WRO"]
[Site "Wokefield Park ENG"]
[Date "2008.03.02"]
[Round "8.3"]
[White "Dineley, Richard D P"]
[Black "McNab, Colin"]
[Result "1-0"]
[WhiteElo "2258"]
[BlackElo "2439"]
[PlyCount "83"]
[EventDate "2008.03.02"]
[EventType "team"]
[EventRounds "11"]
[EventCountry "ENG"]
[SourceDate "2007.09.15"]

1. e4 g6 2. d4 d6 3. Nc3 Bg7 4. Bg5 Nd7 5. Qd2 c5 6. dxc5 Nxc5 7. f4 a6 8. Bd3
b5 9. Nf3 Bb7 10. a3 Nf6 11. Qe2 Ne6 12. f5 gxf5 13. Bc1 fxe4 14. Nxe4 Qb6 15.
c3 Nxe4 16. Bxe4 Bxe4 17. Qxe4 Rc8 18. Be3 Qc6 19. Qf5 Qc4 20. Rd1 h5 21. g3
Qg4 22. Qd5 Qc4 23. Qf5 Bh6 24. Rf1 Bxe3 25. Ne5 Qxf1+ 26. Kxf1 Rf8 27. Nf3 Bb6
28. Qxh5 Rc5 29. Rd5 Rc6 30. Qf5 Nc5 31. Rd1 e6 32. Qh5 Ne4 33. Qh7 d5 34. Kg2
Rc7 35. Qh5 Ke7 36. Ng5 Nf6 37. Qh4 Rc4 38. Qh6 Be3 39. Re1 d4 40. cxd4 Ng4 41.
Qg7 Rxd4 42. Nxe6 1-0

[Event "4NCL/Div2/SWD1 vs. WRO"]
[Site "Wokefield Park ENG"]
[Date "2008.03.02"]
[Round "8.4"]
[White "Barrett, Steve J"]
[Black "Morris, Charles F"]
[Result "1-0"]
[WhiteElo "2257"]
[BlackElo "2203"]
[PlyCount "53"]
[EventDate "2008.03.02"]
[EventType "team"]
[EventRounds "11"]
[EventCountry "ENG"]
[SourceDate "2007.09.15"]

1. d4 d5 2. c4 e6 3. Nc3 c5 4. e3 Nf6 5. Nf3 Nc6 6. a3 a6 7. b3 Be7 8. Bb2 cxd4
9. exd4 O-O 10. Bd3 b6 11. O-O Bb7 12. Re1 Rc8 13. Rc1 Na5 14. Ne5 Bd6 15. c5
bxc5 16. dxc5 Bxe5 17. Rxe5 Rxc5 18. Rg5 Rc8 19. Nxd5 Rxc1 20. Qxc1 Qxd5 21.
Rxd5 Nxd5 22. b4 Nc6 23. Bxa6 Ba8 24. b5 Nce7 25. Be5 Rd8 26. h3 Rd7 27. Qc5
1-0